Теоретические основы катализа в нефтегазохимических технологиях / ДО 2021 (18.03.01): электронный курс

Chi tiết về thư mục
Tác giả chính: Сорока Л. С. Людмила Станиславовна
Tác giả của công ty: Национальный исследовательский Томский политехнический университет Инженерная школа природных ресурсов Отделение химической инженерии (570)
Tóm tắt:Заглавие с экрана
Основной целью курса является формирование у обучающихся состава компетенций для подготовки к профессиональной деятельности. Курс предназначен для бакалавриата заочной формы обучения направления подготовки 18.03.01 Химическая технология основной профессиональной образовательной программы "Технология нефтегазохимии и полимерных материалов" и изучается в 8 семестре. В курсе рассматриваются вопросы роли катализа в нефтегазохимических технологиях и влияние на себестоимость получаемых продуктов, виды катализа, методы получения катализаторов и области протекания в гетерогенных процессах. Особое внимание уделяется использованию современных катализаторов в процессах нефтегазохимии и актуальные вопросы катализа
Интерактивный мультимедиа ресурс
AM_Login_TPU
Ngôn ngữ:Tiếng Nga
Được phát hành: Томск, TPU Moodle, 2025
Những chủ đề:
Truy cập trực tuyến:https://design.lms.tpu.ru/course/view.php?id=5087
Định dạng: Điện tử Sách
KOHA link:https://koha.lib.tpu.ru/cgi-bin/koha/opac-detail.pl?biblionumber=679892

MARC

LEADER 00000nlm0a2200000 4500
001 679892
005 20250425092146.0
090 |a 679892 
100 |a 20250424d2025 m||y0rusy50 ca 
101 0 |a rus 
102 |a RU 
105 |a a j 000yy 
135 |a jrcn ---uucaa 
181 0 |a i   |b  e  
182 0 |a b 
183 0 |a cr  |2 RDAcarrier 
200 1 |a Теоретические основы катализа в нефтегазохимических технологиях / ДО 2021 (18.03.01)  |e электронный курс  |f Л. С. Сорока  |g Национальный исследовательский Томский политехнический университет, Отделение химической инженерии 
203 |a Текст  |c электронный  |b визуальный 
210 |a Томск  |c TPU Moodle  |d 2025 
283 |a online_resource  |2 RDAcarrier 
300 |a Заглавие с экрана 
330 |a Основной целью курса является формирование у обучающихся состава компетенций для подготовки к профессиональной деятельности. Курс предназначен для бакалавриата заочной формы обучения направления подготовки 18.03.01 Химическая технология основной профессиональной образовательной программы "Технология нефтегазохимии и полимерных материалов" и изучается в 8 семестре. В курсе рассматриваются вопросы роли катализа в нефтегазохимических технологиях и влияние на себестоимость получаемых продуктов, виды катализа, методы получения катализаторов и области протекания в гетерогенных процессах. Особое внимание уделяется использованию современных катализаторов в процессах нефтегазохимии и актуальные вопросы катализа 
336 |a Интерактивный мультимедиа ресурс 
371 0 |a AM_Login_TPU 
606 |a Катализ  |x Применение в нефтепереработке  |9 56137 
610 1 |a электронный ресурс 
610 1 |a труды учёных ТПУ 
610 1 |a электронное обучение 
610 1 |a кампусные онлайн-курсы 
610 1 |a дистанционное образование 
610 1 |a дистанционное обучение 
610 1 |a e-learning 
610 1 |a Moodle 
610 1 |a каталитические процессы 
610 1 |a гомогенный катализ 
610 1 |a гетерофазные процессы 
675 |a 665.644(075.8)  |v 4 
700 1 |a Сорока  |b Л. С.  |c химик-органик  |c доцент Томского политехнического университета, кандидат химических наук  |f 1975-  |g Людмила Станиславовна  |9 11555 
712 0 2 |a Национальный исследовательский Томский политехнический университет  |b Инженерная школа природных ресурсов  |b Отделение химической инженерии  |9 28329  |4 570 
801 0 |a RU  |b 63413507  |c 20250424  |g RCR 
850 |a 63413507 
856 4 |u https://design.lms.tpu.ru/course/view.php?id=5087  |z https://design.lms.tpu.ru/course/view.php?id=5087 
942 |c CF